Chicago Loop Map Quiz - Statistics

General Stats
  • This quiz has been taken 171 times
  • The average score is 10 of 25
Answers on the Map
Answers color-coded by a green-red scale on the quiz's map according to % correct below.
 
Answer Stats
Answer % Correct
Wacker Drive
71%
Michigan Avenue
67%
Lake Shore Drive
65%
Columbus Drive
51%
Lake Street
51%
La Salle Street
47%
Franklin Street
43%
Roosevelt Road
41%
State Street
41%
Wabash Avenue
41%
Wells Street
41%
Clark Street
39%
Dearborn Street
39%
Ida B. Wells Drive
39%
Randolph Street
39%
Balbo Drive
35%
Orleans Street
33%
Washington Street
31%
Jackson Drive
29%
Madison Street
29%
Van Buren Street
29%
Harrison Street
27%
Adams Street
25%
Monroe Street
25%
Polk Street
24%
No matching quizzes found
Score Distribution
Percent of People with Each Score
Percentile by Number Answered
Your Score History
You have not taken this quiz